Situación de los bosques nativos de Colombia y resultados preliminares de experimentos sobre cultivos de plantas autoctonas ornamentales en el Jardín Botánico "José Celestino Mutis" (Registro nro. 15482)

Detalles MARC
000 -CABECERA
Campo de control 004980000a22001090004500
090 ## - CLASIFICACIÓN LOCAL
Colección AS
Consecutivo Seriadas
041 0# - IDIOMA
Código de idioma para texto/pista de sonido o título separado
100 1# - ASIENTO PRINCIPAL--NOMBRE PERSONAL
Nombre personal Mora Osejo, Luis Eduardo
245 10 - MENCION DE TITULO
Título Situación de los bosques nativos de Colombia y resultados preliminares de experimentos sobre cultivos de plantas autoctonas ornamentales en el Jardín Botánico "José Celestino Mutis"
773 1# - Item fuente:
Título Revista de la Academia Colombiana de Ciencias Exactas, Físicas y Naturales
Descripción física 59
Paginas del Articulo 71-100
Lugar, editorial y fecha de publicación 1984
Información sobre la relación 15
942 ## - ELEMENTOS ADICIONALES (KOHA)
Tipo de ítem Artículo

No hay ítems disponibles.